| 000 | 00813nam a22002297a 4500 | ||
|---|---|---|---|
| 003 | DO-SdBNP | ||
| 005 | 20221110085244.0 | ||
| 007 | ta | ||
| 008 | 221110b2017 dr ac||| |||| 00| 0 spa d | ||
| 020 | _a9789945895490 | ||
| 040 |
_aDO-SdBNP _bspa _cBNPHU |
||
| 082 | 4 | _222 | |
| 111 | 2 |
_aConcurso de arte Eduardo León Jimenes _d(2016: 20 de octubre al 19 de febrero 2017 _cSantiago de los Caballeros, Santo Domingo _n26: ) _964568 |
|
| 245 | 1 | 0 |
_aconcurso de arte Eduardo León Jimenes : _bexposición de obras seleccionadas |
| 260 |
_aSantiago de los Caballeros, República Dominicana : _bCentro León, _c2017. |
||
| 300 |
_a211 p. : _bil., retrs. ; _c31 cm. |
||
| 490 | 1 | _aCatálogo de obras | |
| 590 | _aInventariado, 2022/BT | ||
| 830 | 0 |
_aCatálogo de obras _982786 |
|
| 910 | _aBtavárez | ||
| 942 |
_2ddc _cLBS1 |
||
| 999 |
_c52851 _d52851 |
||